| 000 | 00654nam a2200205 a 4500 | ||
|---|---|---|---|
| 008 | |||
| 049 | _aMAIN | ||
| 090 |
_aTA403 _bVAN |
||
| 100 | 1 | _aVan Vlack, Lawrence H. | |
| 245 | 1 | 0 |
_aElements of materials science : _ban introductory text for engineering students / _cLawrence H. Van Vlack. |
| 260 |
_aMassachusetts : _bAddison-Wesley, _cc1964. |
||
| 300 |
_axv, 445 p. : _bill. ; _c22 cm. |
||
| 500 | _aIncludes index. | ||
| 504 | _aIncludes bibliographical references. | ||
| 907 |
_a.b10264802 _b06-08-09 _c06-08-09 |
||
| 003 | |||
| 005 | 20230123124942.0 | ||
| 040 | _cNUST | ||
| 942 |
_cBOOKS _kTA403 _mVAN |
||
| 999 |
_c133132 _d133132 |
||